| 000 | 00405nam a2200145Ia 4500 | ||
|---|---|---|---|
| 008 | 220214s9999 xx 000 0 und d | ||
| 022 | _a0003-2683 | ||
| 245 | 0 | _aANALYTICAL ABSTRACTS | |
| 260 |
_bSociety for Analytical Chemistry, England _aUK |
||
| 310 | _aM | ||
| 500 | _aEnding Volume & Year: 52, 1990 | ||
| 500 | _aMissing Volume: 45;50-51 | ||
| 500 | _aStarting Volume & Year: 12, 1965 | ||
| 942 | _cBJ | ||
| 999 |
_c2510 _d2510 |
||